<?xml version="1.0" encoding="UTF-8"?>
<record
    xmlns:xsi="http://www.w3.org/2001/XMLSchema-instance"
    xsi:schemaLocation="http://www.loc.gov/MARC21/slim http://www.loc.gov/standards/marcxml/schema/MARC21slim.xsd"
    xmlns="http://www.loc.gov/MARC21/slim">

  <leader>02229njm a2200385Ia 4500</leader>
  <controlfield tag="001">66760</controlfield>
  <controlfield tag="003">IT-RoPAU</controlfield>
  <controlfield tag="005">20220918181120.0</controlfield>
  <controlfield tag="008">131025s9999    xx            000 0 und d</controlfield>
  <datafield tag="040" ind1=" " ind2=" ">
    <subfield code="a">IT-RoPAU</subfield>
  </datafield>
  <datafield tag="040" ind1=" " ind2=" ">
    <subfield code="c">IT-RoPAU</subfield>
  </datafield>
  <datafield tag="041" ind1=" " ind2=" ">
    <subfield code="a">ITALIANO</subfield>
  </datafield>
  <datafield tag="999" ind1=" " ind2=" ">
    <subfield code="c">99703</subfield>
    <subfield code="d">99703</subfield>
  </datafield>
  <datafield tag="999" ind1=" " ind2=" ">
    <subfield code="b">n.d.</subfield>
  </datafield>
  <datafield tag="100" ind1=" " ind2=" ">
    <subfield code="a">AA.VV.</subfield>
    <subfield code="9">794</subfield>
  </datafield>
  <datafield tag="100" ind1=" " ind2=" ">
    <subfield code="e">Autore musica</subfield>
    <subfield code="9">23785</subfield>
  </datafield>
  <datafield tag="100" ind1=" " ind2=" ">
    <subfield code="g">Codice autore musica SPICS: 12000</subfield>
    <subfield code="9">796</subfield>
  </datafield>
  <datafield tag="245" ind1=" " ind2=" ">
    <subfield code="a">Canzoni per parlare (Lp Ddd 460801 1)</subfield>
  </datafield>
  <datafield tag="250" ind1=" " ind2=" ">
    <subfield code="a">1a ed.</subfield>
  </datafield>
  <datafield tag="260" ind1=" " ind2=" ">
    <subfield code="a">ITALIA</subfield>
  </datafield>
  <datafield tag="260" ind1=" " ind2=" ">
    <subfield code="b">DDD - DROGUERIA DI DRUGOLO</subfield>
    <subfield code="c">1988 [1a Ed.:1988 - Ed. Lingua Orig.: 1988]</subfield>
  </datafield>
  <datafield tag="300" ind1=" " ind2=" ">
    <subfield code="a">DISCO</subfield>
  </datafield>
  <datafield tag="300" ind1=" " ind2=" ">
    <subfield code="c">39 minuti (Testo: 0 pag.)</subfield>
  </datafield>
  <datafield tag="500" ind1=" " ind2=" ">
    <subfield code="a">Musica leggera. Canzone italiana. Arrangiamento di Fio Zanotti</subfield>
  </datafield>
  <datafield tag="505" ind1=" " ind2=" ">
    <subfield code="a">Le notti di maggio (4:00) - I dubbi dell'amore (5:00) - I miei amici stanno al bar (4:00) - Fino a fermarmi (4:00) - La vita che vuoi  (5:00) - Il tempo non torna pi&#xF9; (5:00) - Non arrendersi (6:00) - La lettera che non scriver&#xF2; mai (4:00) - Poverangelo (5:00)</subfield>
  </datafield>
  <datafield tag="650" ind1=" " ind2=" ">
    <subfield code="a">CANZONE ITALIAN [DISCHI]</subfield>
    <subfield code="e">Codice MATERIA SPICS: 9950</subfield>
    <subfield code="9">23786</subfield>
  </datafield>
  <datafield tag="700" ind1=" " ind2=" ">
    <subfield code="a">Mannoia Fiorella</subfield>
    <subfield code="g">Codice interprete SPICS: 14287</subfield>
    <subfield code="e">Interprete</subfield>
    <subfield code="9">23787</subfield>
  </datafield>
  <datafield tag="700" ind1=" " ind2=" ">
    <subfield code="a">Fossati Ivano</subfield>
    <subfield code="g">Codice autore testo/musica SPICS: 10192</subfield>
    <subfield code="e">Autore testo/musica</subfield>
    <subfield code="p">Le notti di maggio</subfield>
    <subfield code="9">23788</subfield>
  </datafield>
  <datafield tag="700" ind1=" " ind2=" ">
    <subfield code="a">Schiavone Luigi</subfield>
    <subfield code="g">Codice autore musica SPICS: 16489</subfield>
    <subfield code="e">Autore musica</subfield>
    <subfield code="p">I dubbi dell'amore - La vita che vuoi</subfield>
    <subfield code="9">23789</subfield>
  </datafield>
  <datafield tag="700" ind1=" " ind2=" ">
    <subfield code="a">Ruggeri Enrico</subfield>
    <subfield code="g">Codice autore testo/musica SPICS: 9765</subfield>
    <subfield code="e">Autore testo/musica</subfield>
    <subfield code="p">I dubbi dell'amore - I miei amici stanno al bar - La vita che vuoi - Il tempo non torna pi&#xF9; - La lettera che non scriver&#xF2; mai </subfield>
    <subfield code="9">23790</subfield>
  </datafield>
  <datafield tag="700" ind1=" " ind2=" ">
    <subfield code="a">Cocciante Riccardo</subfield>
    <subfield code="g">Codice autore testo/musica SPICS: 10831</subfield>
    <subfield code="e">Autore testo/musica</subfield>
    <subfield code="p">I miei amici stanno al bar - La lettera che non scriver&#xF2; mai</subfield>
    <subfield code="9">23791</subfield>
  </datafield>
  <datafield tag="700" ind1=" " ind2=" ">
    <subfield code="a">Cellamare Rosalino (Ron)</subfield>
    <subfield code="g">Codice autore testo/musica SPICS: 14296</subfield>
    <subfield code="e">Autore testo/musica</subfield>
    <subfield code="p">Fino a fermarmi - Non arrendersi</subfield>
    <subfield code="9">23792</subfield>
  </datafield>
  <datafield tag="700" ind1=" " ind2=" ">
    <subfield code="a">Fabrizi Piero</subfield>
    <subfield code="g">Codice autore testo/musica SPICS: 23584</subfield>
    <subfield code="e">Autore testo/musica</subfield>
    <subfield code="p">La vita che vuoi - Il tempo non torna pi&#xF9; - Poverangelo</subfield>
    <subfield code="9">23793</subfield>
  </datafield>
  <datafield tag="700" ind1=" " ind2=" ">
    <subfield code="a">Luberti Marco</subfield>
    <subfield code="g">Codice autore musica SPICS: 23581</subfield>
    <subfield code="e">Autore musica</subfield>
    <subfield code="p">Poverangelo</subfield>
    <subfield code="9">23794</subfield>
  </datafield>
  <datafield tag="942" ind1=" " ind2=" ">
    <subfield code="c">MD</subfield>
    <subfield code="2">ddc</subfield>
  </datafield>
  <datafield tag="952" ind1=" " ind2=" ">
    <subfield code="0">0</subfield>
    <subfield code="1">0</subfield>
    <subfield code="4">0</subfield>
    <subfield code="6">66760_000000000000000</subfield>
    <subfield code="7">1</subfield>
    <subfield code="a">SPICS</subfield>
    <subfield code="b">SPICS</subfield>
    <subfield code="d">2013-10-25</subfield>
    <subfield code="l">0</subfield>
    <subfield code="o">66760</subfield>
    <subfield code="r">2013-10-25 00:00:00</subfield>
    <subfield code="w">2013-10-25</subfield>
    <subfield code="y">MD</subfield>
    <subfield code="z">Progr. Ins.: 16387 / N.Vol.: 1 / Copie: 1 - Copia rara: n.d. / date import: 01.01.2014 - By Epidotti, Trombetti, Vaglietti</subfield>
  </datafield>
</record>
